| 000 | 00742nam a2200229 a 4500 | ||
|---|---|---|---|
| 999 |
_c2908 _d2908 |
||
| 001 | 2908 | ||
| 003 | BD-JhCC | ||
| 005 | 20171108103231.0 | ||
| 008 | 171108s19681981bg |||| ||a| 000 0 ben d | ||
| 035 | _a(BD-JhCC)2908 | ||
| 040 |
_aBD-JhCC _dBD-JhCC |
||
| 041 | _aben | ||
| 082 |
_a891.443 _bMAL 1981 |
||
| 100 | _aম্যালামুড, ডার্নার্ড | ||
| 245 |
_aযাদুর কলস / _cডার্নার্ড ম্যালামুড, |
||
| 260 |
_aঢাকা : _bসন্ধানী প্রকাশনী, _c1981 |
||
| 300 |
_a205 p. : _c22 cm. |
||
| 650 | _aBengali Novel | ||
| 700 | _aজাফর, সিকান্দার আবু (অনু) | ||
| 942 |
_2ddc _cBK |
||